|
|
|
|
| LEADER |
00000nam2a2200000 4500 |
| 001 |
143654 |
| 005 |
20231101221038.0 |
| 010 |
|
|
|a 5856381033
|
| 035 |
|
|
|a (RuTPU)RU\TPU\book\155678
|
| 090 |
|
|
|a 143654
|
| 100 |
|
|
|a 20080922d2005 km y0rusy50 ca
|
| 101 |
0 |
|
|a rus
|
| 102 |
|
|
|a RU
|
| 105 |
|
|
|a a z 001zy
|
| 200 |
0 |
|
|a Ч. 1: Альбом технологических схем
|
| 210 |
|
|
|d 2005
|
| 215 |
|
|
|a 90 с.
|c ил.
|
| 320 |
|
|
|a Библиогр.: с. 87.
|
| 320 |
|
|
|a Список сокращений: с. 88.
|
| 330 |
|
|
|a Методические материалы включают технологические схемы на действующие в ГПНТБ России производственные процессы: комплектование литературы, ее научная и техническая обработка, хранение и использование фондов в процессе обслуживания пользователей. Они предназначены для сотрудников библиотек, занимающихся библиотечной технологией - разработкой технологических схем обработки информации, технологической документации, обеспечением технологической подготовки автоматизированного библиотечного производства, повышением квалификации в области технологии, а также для преподавателей вузов культуры, обучающих студентов как традиционной библиотечной технологии, так и проектированию, созданию, внедрению, эксплуатации, анализу и сопровождению автоматизированных библиотечно-информационнх систем, таких как «Организация и технология автоматизированных библиотечно-информационных систем», «Проектирование автоматизированных библиотечно-информационных систем».
|
| 461 |
|
1 |
|0 (RuTPU)RU\TPU\book\174064
|t Документальное обеспечение технологических циклов библиотеки
|f Государственная публичная научно-техническая библиотека России (ГПНТБ России); сост. С. П. Меньщикова; Л. Р. Постникова
|v Ч. 1: Альбом технологических схем
|d 2005
|
| 606 |
1 |
|
|a Библиотеки
|x Организация работы
|2 stltpush
|3 (RuTPU)RU\TPU\subj\28589
|9 52106
|
| 610 |
1 |
|
|a библиотечное дело
|
| 610 |
1 |
|
|a технологические циклы
|
| 610 |
1 |
|
|a технологические схемы
|
| 610 |
1 |
|
|a документальное обеспечение
|
| 610 |
1 |
|
|a отделы
|
| 610 |
1 |
|
|a службы
|
| 610 |
1 |
|
|a библиотечные технологии
|
| 686 |
|
|
|a Ч737
|v LBC/SL-A
|2 rubbk
|
| 801 |
|
1 |
|a RU
|b 63413507
|c 20080922
|g PSBO
|
| 801 |
|
2 |
|a RU
|b 63413507
|c 20221006
|g PSBO
|
| 942 |
|
|
|c BK
|
| 959 |
|
|
|a 73/20080716
|d 1
|e 75,00
|f НМО:1
|